| 000 | 02167nam a2200589 a 4500 | ||
|---|---|---|---|
| 001 | ocn639167415 | ||
| 003 | OCoLC | ||
| 005 | 20200320185545.0 | ||
| 008 | 101001s2011 nyu d 000 1 eng | ||
| 010 | _a 2010036595 | ||
| 020 | _a9780545210126 (hardcover) | ||
| 020 | _a0545210127 (hardcover) | ||
| 020 | _a9780545210133 (pbk.) | ||
| 020 | _a0545210135 (pbk.) | ||
| 029 | 1 |
_aNZ1 _b13526989 |
|
| 029 | 1 |
_aNLGGC _b333966163 |
|
| 029 | 1 |
_aAU@ _b000046116932 |
|
| 035 | _a(OCoLC)639167415 | ||
| 040 |
_aDLC _cDLC _dIG# _dBTCTA _dDPL _dON8 _dEHH _dYDXCP _dIGP _dWACOL |
||
| 042 | _alcac | ||
| 043 | _an-usn-- | ||
| 049 | _aWACL | ||
| 050 | 0 | 0 |
_aPZ7.N8185 _bTr 2011 |
| 082 | 0 | 0 |
_a[Fic] _222 |
| 092 |
_ayoung adult _bNor |
||
| 100 | 1 |
_aNorthrop, Michael. _95867812 |
|
| 245 | 1 | 0 |
_aTrapped / _cMichael Northrop. |
| 250 | _a1st ed. | ||
| 260 |
_aNew York : _bScholastic Press, _c2011. |
||
| 300 |
_a232 p. ; _c22 cm. |
||
| 520 | _aSeven high school students are stranded at their New England high school during a week-long blizzard that shuts down the power and heat, freezes the pipes, and leaves them wondering if they will survive. | ||
| 521 |
_ayoung adult _bamazon |
||
| 650 | 1 |
_aSurvival _vFiction. _95673621 |
|
| 650 | 1 |
_aBlizzards _vFiction. _95685007 |
|
| 650 | 1 |
_aInterpersonal relations _vFiction. _95673978 |
|
| 650 | 1 |
_aHigh schools _vFiction. _95675716 |
|
| 650 | 1 |
_aSchools _vFiction. _95673727 |
|
| 650 | 1 |
_aPeer pressure _vFiction. _95867813 |
|
| 650 | 0 |
_aShipwreck survival _vJuvenile fiction. _95732521 |
|
| 650 | 0 |
_aBlizzards _vJuvenile fiction. _95685006 |
|
| 650 | 0 |
_aInterpersonal relations _vJuvenile fiction. _95675981 |
|
| 650 | 0 |
_aHigh schools _vJuvenile fiction. _95675712 |
|
| 650 | 0 |
_aSchools _vJuvenile fiction. _95867814 |
|
| 650 | 0 |
_aPeer pressure _vJuvenile fiction. _95867815 |
|
| 938 |
_aIngram _bINGR _n9780545210126 |
||
| 938 |
_aBaker and Taylor _bBTCP _nBK0009033680 |
||
| 938 |
_aYBP Library Services _bYANK _n5123525 |
||
| 942 |
_cBOOK _027 |
||
| 948 |
_a11/18/2011 _zSirsi |
||
| 994 |
_a02 _bWACOL |
||
| 996 |
_a87260 _b34301001039769 _cYA _dbk _ewcl _fi _g27 _h17.99 _lamazon _mNor _p11/19/2011 _q06/03/2019 _r05/11/2019 |
||
| 999 |
_c276518 _d276518 |
||